Theory and problems of eletric circuit in SI units (Record no. 11052)

000 -LEADER
fixed length control field 00585nam a2200217 4500
001 - CONTROL NUMBER
control field 11052
003 - CONTROL NUMBER IDENTIFIER
control field BD-DhUET
008 - FIXED-LENGTH DATA ELEMENTS--GENERAL INFORMATION
fixed length control field 150212b xxu||||| |||| 00| 0 eng d
020 ## - INTERNATIONAL STANDARD BOOK NUMBER
International Standard Book Number 007990157
040 ## - CATALOGING SOURCE
Original cataloging agency DLC
Transcribing agency DLC
Modifying agency BD-DhUET
082 ## - DEWEY DECIMAL CLASSIFICATION NUMBER
Classification number 623.01
Item number EDM/1981
100 ## - MAIN ENTRY--PERSONAL NAME
Personal name Edminister, Joseph A.
245 ## - TITLE STATEMENT
Title Theory and problems of eletric circuit in SI units
250 ## - EDITION STATEMENT
Edition statement 1st ed.
260 ## - PUBLICATION, DISTRIBUTION, ETC. (IMPRINT)
Place of publication, distribution, etc. Singapore
Name of publisher, distributor, etc. McGraw-Hill
Date of publication, distribution, etc. 1981
300 ## - PHYSICAL DESCRIPTION
Extent 288p.
Other physical details illus.
504 ## - BIBLIOGRAPHY, ETC. NOTE
Bibliography, etc Includes bibliographies
650 #0 - SUBJECT ADDED ENTRY--TOPICAL TERM
Topical term or geographic name as entry element Circuits : Electric : Engineering
700 ## - ADDED ENTRY--PERSONAL NAME
Personal name Swann, J. E.
942 ## - ADDED ENTRY ELEMENTS (KOHA)
Koha item type General Book
Holdings
Source of classification or shelving scheme Date acquired Not for loan Koha date last seen Koha normalized classification for sorting Withdrawn status Koha item type Koha full call number Location (home branch) Shelving location Price effective from Lost status Piece designation (barcode) Damaged status Copy number Sublocation or collection (holding branch)
 2015-02-12 2015-02-12623_010000000000000_EDM_1981 General Book623.01/EDM/1981Central Library, BUETCirculation section2015-02-12 55300 1Central Library, BUET
 2015-02-12 2015-02-12623_010000000000000_EDM_1981 General Book623.01/EDM/1981Central Library, BUETCirculation section2015-02-12 55299 2Central Library, BUET
 2015-06-29 2015-06-29623_010000000000000_EDM_1981 Reading Item623.01/EDM/1981Central Library, BUETReading section2015-06-29 55376 3Central Library, BUET
 2015-06-29 2015-06-29623_010000000000000_EDM_1981 Reading Item623.01/EDM/1981Central Library, BUETReading section2015-06-29 55302 4Central Library, BUET